|
|
|
|
| LEADER |
00000nam a2200000 4500 |
| 001 |
vtls012258003 |
| 003 |
SK-MaSNL |
| 005 |
20260301060636.0 |
| 008 |
251112s1910 xxu f 000 0 slo |
| 015 |
|
|
|a SNBHFA
|
| 040 |
|
|
|a SNKHF
|b slo
|c SNKHF
|e rda
|
| 041 |
0 |
|
|a slo
|
| 044 |
|
|
|a xxu
|c US
|
| 072 |
|
7 |
|a 27
|x Kresťanstvo. Kresťanská cirkev všeobecne. Ekleziológia
|2 konspekt
|
| 080 |
|
|
|a 27-72
|2 2011
|
| 080 |
|
|
|a 06.01
|2 2011
|
| 110 |
2 |
|
|a Slovenská Evanj. Aug. V. Vyznania Dr. Martina Luthera v Cleveland, O.
|4 aut
|9 372245
|
| 245 |
1 |
0 |
|a Stanovy Cirkve Slovenskej Evanj. Aug. V. Vyznania Dr. Martina Luthera v Cleveland, O.
|
| 264 |
|
3 |
|a Spojené štáty americké, 1601 Beaver Ave. Allegheny, Pa.
|b Tlačou "Slovenského Hlásnika‟
|c 1910
|
| 300 |
|
|
|a 13 strán, 11 nečíslovaných strán
|c 13,5 cm
|
| 336 |
|
|
|a text
|b txt
|2 rdacontent
|
| 337 |
|
|
|a bez média
|b n
|2 rdamedia
|
| 338 |
|
|
|a zväzok
|b nc
|2 rdacarrier
|
| 500 |
|
|
|a Obálkový titulný list v jednoduchom rámčeku s vinetou, linka, typografické ozdoby
|
| 546 |
|
|
|a Slovenský text
|b Antikva
|
| 561 |
|
|
|a Proveniencia: vlepený Exlibris: Matica Slovenská.
|5 SNK SE 3832
|
| 563 |
|
|
|a Väzba: previazaná, celoplátená.
|5 SNK SE 3832
|
| 610 |
2 |
7 |
|a Evanjelická cirkev a.v.
|2 SNKKA
|9 32425
|
| 650 |
0 |
7 |
|a cirkev
|2 SNKPH
|9 1922
|
| 650 |
0 |
7 |
|a stanovy
|2 SNKPH
|9 28030
|
| 700 |
1 |
|
|a Štirban, Ján,
|c predseda cirkve
|4 oth
|9 372246
|
| 700 |
1 |
|
|a Demian, Štefan,
|c dozorca cirkve
|4 oth
|9 372247
|
| 700 |
1 |
|
|a Kazár, Emil,
|c cirkevný zápisník
|4 oth
|9 372248
|
| 700 |
1 |
|
|a Pekar, Sámuel,
|c cirkevný účtovník
|4 oth
|9 372249
|
| 700 |
1 |
|
|a Soviš, Štefan,
|c pokladník cirkve
|4 oth
|9 372250
|
| 710 |
2 |
|
|a Slovenský Hlásnik (Spojené štáty americké, Pensylvánia-Allegheny)
|4 prt
|9 372251
|
| 710 |
2 |
|
|a Matica slovenská
|4 fmo
|9 14662
|
| 752 |
|
|
|a Spojené štáty americké
|b Pensylvánia
|d Allegheny
|
| 852 |
|
|
|a snk
|p SE 3832
|
| 958 |
|
|
|a ONDV
|
| 958 |
|
|
|a DG
|
| 999 |
|
|
|c 616005
|d 617935
|
| 952 |
|
|
|a SNK
|b SNK
|y PREZ
|7 0
|p 17A0744362
|o snkSE 3832
|i snkK 978/65
|8 3
|0 0
|1 0
|4 0
|d 2024-06-13
|f 1
|l 0
|r 2026-02-23 16:38:08
|w 2026-02-23
|